| 000 | 00602cam a22002052 4500 | ||
|---|---|---|---|
| 001 | 10527835 | ||
| 003 | ARRUPE | ||
| 005 | 20170111122829.0 | ||
| 008 | 910627s1961 au 000 0 ger | ||
| 010 | _altf91072302 | ||
| 040 |
_aDLC _cDLC _dDLC |
||
| 050 | 0 | 0 | _aPT2259.A8K3 |
| 100 | 1 |
_aGrillparzer, Franz, _d1791-1872. _928217 |
|
| 245 | 0 | 4 |
_aDer arme Spielmann; _beine novelle _cby Grillparzer, Franz, |
| 260 |
_aStuttgart _bPhilipp Reclam Jun. _c1962 |
||
| 300 |
_a62p. _c16cm. |
||
| 700 |
_aKast, Emil _928219 |
||
| 906 |
_a0 _bcbc _cpremunv _du _encip _f19 _gy-gencatlg |
||
| 942 |
_2lcc _cMONOGRAPH |
||
| 999 |
_c125933 _d125933 |
||